00620nam a2200217Ia 4500008004100000020002300041040001900064041001200083082002800095100002000123245004200143260005000185300002800235440004100263504001900304630001100323630001000334650002000344651001700364850002100381131103s9999 xx 000 0 und d a8170460557cRs 150 aLoreto College aEnglish a791.43/ROBbLCLIB/44275 aRoberge, Gaston 4aThe subject of cinemacGaston Roberge aCalcutta; New DelhibSeagullc1985 (rep 2005) axv,259b Platesc 22 cm aThe Rita Ray memorial lectures, 1987 aIncludes index aCinema aFilms aMotion Pictures aFilm Studies aLCLIB/791.43/ROB